| 000 | 00375 a2200133 4500 | ||
|---|---|---|---|
| 003 | Nust | ||
| 005 | 20170207161313.0 | ||
| 040 | _cNust | ||
| 082 | _a799 | ||
| 245 |
_aNCIA -2013 Ist Day Opening,Photographs 2013(Soft Copy) _cMCS |
||
| 260 |
_aRawalpindi _bMCS _c11-12-2013 |
||
| 650 | _aPictures of NCIA -2013 Ist Day Opening Photographs 2013( NCIA-2013 CD) | ||
| 651 | _aSweet Memories-MCS | ||
| 942 | _cBK | ||
| 999 |
_c203589 _d203589 |
||